Didactique du français : Enjeux disciplinaires et étude de la langue (notice n° 1567154)
[ vue normale ]
| 000 -LEADER | |
|---|---|
| fixed length control field | 01448cam a2200145 4500500 |
| 005 - DATE AND TIME OF LATEST TRANSACTION | |
| control field | 20251214002556.0 |
| 041 ## - LANGUAGE CODE | |
| Language code of text/sound track or separate title | fre |
| 042 ## - AUTHENTICATION CODE | |
| Authentication code | dc |
| 100 10 - MAIN ENTRY--PERSONAL NAME | |
| Personal name | Chiss, Jean-Louis |
| Relator term | author |
| 245 00 - TITLE STATEMENT | |
| Title | Didactique du français : Enjeux disciplinaires et étude de la langue |
| 260 ## - PUBLICATION, DISTRIBUTION, ETC. | |
| Name of publisher, distributor, etc. | Armand Colin,<br/> |
| Date of publication, distribution, etc. | 2018.<br/> |
| 520 ## - SUMMARY, ETC. | |
| Summary, etc. | Cet ouvrage propose, dans sa première partie, une synthèse de certains débats contemporains et historiques autour de l’enseignement/ apprentissage du français avec le double souci de la conceptualisation et de la contextualisation. Il s’agit d’introduire aux études spécifiques consacrées à la didactique de la grammaire (deuxième partie) et à la didactique de l’orthographe (troisième partie) où l’apport de connaissances sur la langue ne se sépare pas de la réflexion épistémologique, de l’ancrage dans la culture éducative, de la relation aux dimensions idéologiques et sociétales. De la « crise du français » aux grammaires dans la francophonie, des métalangages aux progressions, de la phrase au texte, de la règle aux « rectifications » orthographiques, de la réalité des classes à la formation des enseignants, le parcours se veut alliance de technicité et de réflexivité, condition sans doute pour faire référence. |
| 700 10 - ADDED ENTRY--PERSONAL NAME | |
| Personal name | David, Jacques |
| Relator term | author |
| 856 41 - ELECTRONIC LOCATION AND ACCESS | |
| Uniform Resource Identifier | <a href="https://shs.cairn.info/didactique-du-francais--9782200622343?lang=fr&redirect-ssocas=7080">https://shs.cairn.info/didactique-du-francais--9782200622343?lang=fr&redirect-ssocas=7080</a> |
Pas d'exemplaire disponible.




Réseaux sociaux